000 00585nam a2200205 a 4500
001 65655
003 BD-RjUL
005 20211209081441.0
008 170309s1917 ii ||||| |||| 00| 0 eng d
035 _a(BD-RjUL) 65785
040 _aBD-RjUL
_beng
_cBD-RjUL
_dBD-RjUL
041 _aeng
082 _223
_a320.954
_bTOW 1917
245 1 0 _aTowards home rule /
_cRamananda Chatterjee
260 _aCalcutta :
_bModern Review Off,
_c1917.
300 _a132 P. ;
_c18 cm.
650 _aIndia
_xPolitics and government.
_9193864
700 _qRamananda Chatterjee
_9194214
942 _2ddc
_cBK
999 _c65655
_d65655